| 000 | 00385cam a22001217a 4500 | ||
|---|---|---|---|
| 008 | 180718b1999 xxu||||| |||| 00| 0 eng d | ||
| 020 | _a8175410434 | ||
| 082 | _aDx5 Sa12 | ||
| 245 | _aSAARC vision beyond the year 2000: report of the SAARC group eminent persons | ||
| 260 |
_aDelhi _bShipra _c1999 |
||
| 300 | _a112p. | ||
| 650 | _aSouth Asian Association for Regional Cooperation (SAARC) | ||
| 999 |
_c390475 _d390475 |
||